000 00682nam a22002417a 4500
999 _c317796
_d317796
001 31372
003 UA-OsUOA
005 20200322185331.0
007 ta
008 20041215b un ||||| |||| 00| 0 ukr d
020 _a5901335031
040 _aUA-OsUOA
_bukr
_cUA-OsUOA
_dUA-OsUOA
041 _aukr
044 _aUA
080 _a373.61:658(470+571)
090 _a373.61:658(470+571)
_bМ50
245 _aМенеджмент, маркетинг и экономика образования
_bучеб. пособ.
_cред. А. П. Егоршина
260 _aН. Новгород
_bНИМБ
_c2001
300 _a624 с.
650 7 _2UDC
942 _cBK
_2udc
955 _a0